000 00483nam a2200133Ia 4500
008 231129s9999||||xx |||||||||||||| ||spa||
020 _a84-7232-275-0
040 _bspa
082 _a327.71046 M378c
100 _aMarti Alanis Antonio
245 0 _aCanada en la correspondencia diplomatica de los embajadores de Espana en Londres 1534-1813
264 _aEdiciones Cultura Hispanica del Instituto de Cooperacion Iberoamericana
942 _2ddc
_cBKS
999 _c6545
_d6545